R. Gupta's popular master guide CSIR-UGC national eligibility test (NET) Chemical sciences (Record no. 3277)

MARC details
000 -LEADER
fixed length control field 00946 a2200217 4500
010 ## - LIBRARY OF CONGRESS CONTROL NUMBER
LC control number ENG-85715
020 ## - INTERNATIONAL STANDARD BOOK NUMBER
Terms of availability 365.00
International Standard Book Number 817812047X
035 ## - SYSTEM CONTROL NUMBER
System control number EN-69248
037 ## - SOURCE OF ACQUISITION
Source of stock number/acquisition D.B.Act / Pub
082 14 - DEWEY DECIMAL CLASSIFICATION NUMBER
Classification number 540
090 ## - LOCALLY ASSIGNED LC-TYPE CALL NUMBER (OCLC); LOCAL CALL NUMBER (OCLC)
-- 3344
-- 3344
100 1# - MAIN ENTRY--PERSONAL NAME
Personal name Sharma, Narender
245 1# - TITLE STATEMENT
Title R. Gupta's popular master guide CSIR-UGC national eligibility test (NET) Chemical sciences
Statement of responsibility, etc by Narender Sharma and Karan Dev
Remainder of title for awarding junior research fellowship and for determining eligibility for lectureship
260 ## - PUBLICATION, DISTRIBUTION, ETC. (IMPRINT)
Place of publication, distribution, etc New Delhi
Name of publisher, distributor, etc Ramesh Publishing House
Date of publication, distribution, etc 2008
270 ## - ADDRESS
Address 12-H, New Darya Ganj Road, Opp. Traffic Kotwali
City New Delhi
State or province Delhi :
Postal code 110002
Telephone number 23261647
Fax number 23275124
Electronic mail address info@rameshpublishinghouse.com
300 ## - PHYSICAL DESCRIPTION
Extent various pagings
Dimensions 23 cm (pbk)
650 ## - SUBJECT ADDED ENTRY--TOPICAL TERM
Topical term or geographic name as entry element Chemical sciences
General subdivision examinations
650 ## - SUBJECT ADDED ENTRY--TOPICAL TERM
Topical term or geographic name as entry element CSIR-UGC NET test
942 ## - ADDED ENTRY ELEMENTS (KOHA)
Institution code [OBSOLETE] dpl
Koha item type English Books
Call number prefix 540 / SHA
Holdings
Withdrawn status Lost status Source of classification or shelving scheme Damaged status Not for loan Collection code Home library Current library Source of acquisition Cost, normal purchase price Total Checkouts Full call number Barcode Date last seen Copy number Uniform Resource Identifier Cost, replacement price Price effective from Koha item type
    Dewey Decimal Classification   Not For Loan Non-fiction D.B.Act.Division D.B.Act.Division DBAD/PUB 365.00   540 SHA EN-69248 15/09/2008 1 3489 365.00 15/09/2008 English Books

© Delhi Public Library
Hit Counter
free hit counter